| 000 | 00375nam a2200133Ia 4500 | ||
|---|---|---|---|
| 008 | 180730s9999||||xx |||||||||||||| ||und|| | ||
| 020 | _a9971512602 | ||
| 082 |
_a658 _bMAR/P |
||
| 100 | _aMartinich, Joseph S. | ||
| 245 | 0 | _aProduction and Operations Management: An Applied Modern Approach | |
| 260 |
_aNew yark _bJohn Wiley & Sons, Inc. _c2002 |
||
| 300 | _aSI/18 | ||
| 942 | _cBK | ||
| 999 |
_c1489 _d1489 |
||